000 00293nam a22001337a 4500
008 181107b xxu||||| |||| 00| 0 eng d
020 _a0534013473
041 _aeng
080 _a330
100 _a55
101 _aBUS
245 _aMoral Issues In Business
_cBarry.V
942 _2udc
_cBK
999 _c52190
_d52190